000 01774nam a2200409 i 4500
001 194047
003 ES-MaACL
005 20260216183914.0
007 ta
008 240219s2024 sp 000 0 spa d
017 _aCC-000034-2024
_bOficina Depósito Legal Cáceres
020 _a9788412829501
040 _aES-MaCSI
_bspa
_cES-MaACL
080 _a929José Moreno Nieto
100 1 _aRamos Rubio, José Antonio,
_d1963-
_eaut
_9174430
245 1 0 _aJosé Moreno Nieto y Villarejo :
_bjurisconsulto, político y arabista /
_cJosé Antonio Ramos Rubio, José Luis Pérez Mena, Oscar de San Macario Sánchez
_h[Texto impreso]
250 _a1ª edición
260 _aCáceres :
_bTau Editores,
_cD.L. 2024.
264 _a©2024
300 _a201 páginas ;
_c23 cm.
336 _2rdacontent
_atexto
337 _2rdamedia
_asin mediación
338 _2rdacarrier
_avolumen
600 1 0 _aMoreno Nieto, José,
_d1825-1882-
_xBiografías
_9235663
655 0 _aBiografías
_9176647
700 1 _aPérez Mena, José Luis,
_d1962-
_9234891
_eaut
700 _aSan Macario Sánchez, Óscar de
_9235664
_eaut
852 _aES-MaACL
_bR.155066
_cDEPOJ
_jN-9836
_xEncuadernación rústica con solapas
_hDonación: José Antonio Ramos Rubio ; José Luis Pérez Mena ; Oscar de San Macario Sánchez
_9202180
903 _aRamos Rubio, José Antonio,
_d1963-
_ednr
_9174430
903 _9234891
_aPérez Mena, José Luis,
_d1962-
_ednr
903 _9235664
_aSan Macario Sánchez, Óscar de
_ednr
942 _cMONOGRAFIA
_n0
999 _c194047
_d194047